[Event "Blitz - Gruenfeld defence for 5 players under 2000"]
[Site "SchemingMind.com"]
[Date "2017.07.19"]
[Round "-"]
[White "mochiron"]
[Black "Wojtek26"]
[Result "0-1"]
[WhiteCountry "JPN"]
[BlackCountry "POL"]
[WhiteElo "1375"]
[WhiteRD "83"]
[BlackElo "1558"]
[BlackRD "47"]
[GameID "416498"]

1. d4 Nf6 2. c4 g6 3. Nc3 d5 4. c5 Nbd7 5. e3 e6 6. Nf3 Bg7 7. Be2 O-O 8. O-O Ne4 9. Nxe4 dxe4 10. Ne5 Bxe5
11. dxe5 Nxe5 12. Bd2 c6 13. Qc2 f5 14. Bc3 Nf7 15. Rad1 Qe7 16. Bd4 e5 17. Bc3 Qxc5 18. Kh1 Be6 19. b3 Rad8 20. Rxd8 Rxd8
21. h3 Nd6 22. Qb2 Nf7 23. h4 b5 24. b4 Qe7 25. g3 g5 26. h5 f4 27. exf4 gxf4 28. Bxe5 Nxe5 29. Qxe5 f3 30. Bd1 Rd5
31. Qxe4 Rxh5+ 32. Kg1 Qd7 33. Qxf3 Rh6 34. Bb3 Bxb3 35. Qxb3+ Qf7 36. Qe3 Rf6 37. f4 Re6 38. Qd3 Qe7 39. f5 Re3 40. Qd4 Rxg3+
41. Kf2 Rg5 42. Rg1 Rxg1 43. Kxg1 Qg5+ 44. Kf2 Qxf5+ 45. Kg3 Qg6+ 46. Kf4 Qh6+ 47. Kf5 Qh5+ 48. Kf6 Qg6+ 49. Ke7 Qg7+
0-1

[Event "Blitz - Gruenfeld defence for 5 players under 2000"]
[Site "SchemingMind.com"]
[Date "2017.07.19"]
[Round "-"]
[White "Wojtek26"]
[Black "mochiron"]
[Result "1-0"]
[WhiteCountry "POL"]
[BlackCountry "JPN"]
[WhiteElo "1558"]
[WhiteRD "47"]
[BlackElo "1375"]
[BlackRD "83"]
[GameID "416499"]

1. d4 Nf6 2. c4 g6 3. Nc3 d5 4. e3 c6 5. Nf3 Nbd7 6. Be2 Bg7 7. O-O Ne4 8. Nxe4 dxe4 9. Nd2 f5 10. b3 c5
11. Bb2 cxd4 12. Bxd4 Bxd4 13. exd4 Nf6 14. d5 O-O 15. Qc2 a6 16. Qc3 Ng4 17. h3 Nh6 18. f3 exf3 19. Bxf3 Qb6+ 20. Kh1 Bd7
21. Rae1 Qf6 22. Qb4 Rae8 23. Qxb7 Bc8 24. Qb4 Qg5 25. Qc3 f4 26. Ne4 Qh4 27. Nf2 Nf5 28. Ne4 Ng3+ 29. Kg1 Nxf1 30. Rxf1 Bf5
31. Nf2 e5 32. dxe6 Bxe6 33. Re1 Bd7 34. Rd1 Bf5 35. Bd5+ Rf7 36. Bxf7+ Kxf7 37. Qd2 f3 38. Qd5+ Be6 39. Qxf3+ Kg7 40. Qb7+ Re7
41. Qb6 Bf5 42. Qxa6 Bc2 43. Rc1 Re2 44. Qa7+ Kh6 45. Ng4+ Kh5 46. Qc5+ Bf5 47. Rf1 Qg3 48. Rxf5+ Kh4 49. Rf2 Rxf2 50. Qxf2 Qxf2+
51. Kxf2
1-0

[Event "Blitz - Gruenfeld defence for 5 players under 2000"]
[Site "SchemingMind.com"]
[Date "2017.07.20"]
[Round "-"]
[White "mochiron"]
[Black "Scooter"]
[Result "1-0"]
[WhiteCountry "JPN"]
[BlackCountry "USA"]
[WhiteElo "1401"]
[WhiteRD "91"]
[BlackElo "1711"]
[BlackRD "52"]
[GameID "416543"]

1. d4 Nf6 2. c4 g6 3. Nc3 d5 4. e3 e6 5. c5 c6 6. Bd3 Bg7 7. Nf3 O-O 8. h4 Nbd7 9. Ng5 e5 10. h5 e4
11. Be2 Nxh5 12. Nxh7 Kxh7 13. Bxh5 Kg8 14. Bg4 Nf6 15. f3 Nxg4 16. fxg4 Qg5 17. Qe2 Qxg4 18. Qf2 f5 19. Rh4 Qg5 20. Bd2 Bf6
21. Rh1 Kf7 22. O-O-O Be6 23. a4 Rh8 24. Rxh8 Rxh8 25. b4 Rh2 26. b5 Rxg2 27. Qf1 Bd7 28. bxc6 Bxc6 29. Nb5 a6 30. Nd6+ Ke6
31. Qh1 Bxa4 32. Qh7 Be7 33. Qg8+ Kf6 34. Qf7#
1-0

[Event "Blitz - Gruenfeld defence for 5 players under 2000"]
[Site "SchemingMind.com"]
[Date "2017.07.20"]
[Round "-"]
[White "Scooter"]
[Black "mochiron"]
[Result "1-0"]
[WhiteCountry "USA"]
[BlackCountry "JPN"]
[WhiteElo "1711"]
[WhiteRD "52"]
[BlackElo "1401"]
[BlackRD "91"]
[GameID "416544"]

1. d4 Nf6 2. c4 g6 3. Nc3 d5 4. cxd5 Nxd5 5. e4 Nxc3 6. bxc3 Bg7 7. Nf3 Bg4 8. Be2 Bxf3 9. Bxf3 Nd7 10. O-O O-O
11. Bb2 e5 12. d5 Nf6 13. c4 b6 14. Qc2 a5 15. Bxe5 Nh5 16. Bxg7 Kxg7 17. Bxh5 gxh5 18. Qd1 Qg5 19. Qd4+ f6 20. Rfe1 Rae8
21. Re3 h4 22. Rae1 Rg8 23. e5 Kh6 24. g3 f5 25. Rf3 h3 26. Qf4 Qxf4 27. Rxf4 Rg6 28. Rh4+ Kg7 29. Rxh3 f4 30. e6 f3
31. Rh4 Re7 32. Rf4 Rf6 33. Rxf6 Kxf6 34. Re3 a4 35. Rxf3+ Ke5 36. Rf7 Kd6 37. Rxe7 Kxe7 38. f4 c6 39. Kf2 cxd5 40. cxd5
1-0

[Event "Blitz - Gruenfeld defence for 5 players under 2000"]
[Site "SchemingMind.com"]
[Date "2017.07.19"]
[Round "-"]
[White "Abstract Actuary"]
[Black "Scooter"]
[Result "1-0"]
[WhiteCountry "USA"]
[BlackCountry "USA"]
[WhiteElo "1837"]
[WhiteRD "70"]
[BlackElo "1732"]
[BlackRD "51"]
[GameID "416545"]

1. d4 Nf6 2. c4 g6 3. Nc3 d5 4. cxd5 Nxd5 5. e4 Nxc3 6. bxc3 Bg7 7. f4 Nd7 8. Nf3 O-O 9. Bc4 e6 10. a4 a6
11. g4 c5 12. Kf2 cxd4 13. cxd4 Nb6 14. Bb3 Bd7 15. a5 Nc8 16. e5 Ne7 17. Ba3 Re8 18. Qd2 Bc6 19. h4 Bxf3 20. Kxf3 Nc6
21. Bd6 Bf8 22. d5 Bxd6 23. dxc6 Bc7 24. Qxd8 Rexd8 25. cxb7 Rab8 26. Bc4 Rxb7 27. Bxa6 Ra7 28. Rhc1 Rxa6 29. Rxc7 Rd5 30. h5 Raxa5
31. h6 Kf8 32. Rb1 Rd8 33. Rbb7 Ra3+ 34. Ke2 Ra2+ 35. Ke1 Ra1+ 36. Kf2 Ra2+ 37. Kg3 Ra3+ 38. Kh4 Ra6 39. Rxf7+
1-0

[Event "Blitz - Gruenfeld defence for 5 players under 2000"]
[Site "SchemingMind.com"]
[Date "2017.07.20"]
[Round "-"]
[White "Scooter"]
[Black "Abstract Actuary"]
[Result "0-1"]
[WhiteCountry "USA"]
[BlackCountry "USA"]
[WhiteElo "1732"]
[WhiteRD "51"]
[BlackElo "1837"]
[BlackRD "70"]
[GameID "416546"]

1. d4 Nf6 2. c4 g6 3. Nc3 d5 4. e3 Bg7 5. cxd5 Nxd5 6. Bc4 Nxc3 7. bxc3 O-O 8. Nf3 c5 9. O-O Nc6 10. Ba3 cxd4
11. cxd4 Bf5 12. Bd3 Bxd3 13. Qxd3 Re8 14. Rab1 e5 15. Qc4 exd4 16. Rxb7 Qf6 17. exd4 Na5
0-1

[Event "Blitz - Gruenfeld defence for 5 players under 2000"]
[Site "SchemingMind.com"]
[Date "2017.07.24"]
[Round "-"]
[White "emvarela"]
[Black "Scooter"]
[Result "1/2-1/2"]
[WhiteCountry "ARG"]
[BlackCountry "USA"]
[WhiteElo "1913"]
[WhiteRD "56"]
[BlackElo "1703"]
[BlackRD "54"]
[GameID "416547"]

1. d4 Nf6 2. c4 g6 3. Nc3 d5 4. cxd5 Nxd5 5. e4 Nxc3 6. bxc3 Bg7 7. Nf3 O-O 8. Bc4 Bg4 9. Rb1 b6 10. O-O Nd7
11. h3 Bxf3 12. Qxf3 e6 13. Ba3 c5 14. Bb5 a6 15. Bxd7 Qxd7 16. dxc5 bxc5 17. Bxc5 Rfc8 18. e5 Bxe5 19. Rb7 Qe8 20. Bd4 Bxd4
21. cxd4 Rd8 22. Qf6 Rd7 23. Rfb1 Qc8 24. Qf3 Rxb7 25. Rxb7 Qc1+ 26. Kh2 Rf8 27. Qe3 Qxe3 28. fxe3 Ra8 29. Kg3 Kg7 30. Kf3 h5
31. g4 hxg4+ 32. hxg4 g5 33. a4 a5 34. Rb5 f6 35. Ke4 Kg6 36. d5 f5+ 37. gxf5+ exf5+ 38. Kf3 Kf6 39. d6 Ke6 40. d7 Kf6
41. Rxa5 Rd8 42. Rd5 Ke6 43. e4 fxe4+ 44. Kxe4 g4 45. a5= Rxd7 46. Rxd7 Kxd7=
1/2-1/2

[Event "Blitz - Gruenfeld defence for 5 players under 2000"]
[Site "SchemingMind.com"]
[Date "2017.07.24"]
[Round "-"]
[White "Scooter"]
[Black "emvarela"]
[Result "0-1"]
[WhiteCountry "USA"]
[BlackCountry "ARG"]
[WhiteElo "1711"]
[WhiteRD "52"]
[BlackElo "1836"]
[BlackRD "59"]
[GameID "416548"]

1. d4 Nf6 2. c4 g6 3. Nc3 d5 4. cxd5 Nxd5 5. e4 Nxc3 6. bxc3 Bg7 7. Nf3 O-O 8. Bf4 c5 9. Be2 Nc6 10. O-O cxd4
11. cxd4 Nxd4 12. Nxd4 Bxd4 13. Bh6 Re8 14. Qa4 Bxa1
0-1

[Event "Blitz - Gruenfeld defence for 5 players under 2000"]
[Site "SchemingMind.com"]
[Date "2017.07.19"]
[Round "-"]
[White "Phillip Beckett"]
[Black "Scooter"]
[Result "0-1"]
[WhiteCountry "ENG"]
[BlackCountry "USA"]
[WhiteElo "1587"]
[WhiteRD "59"]
[BlackElo "1732"]
[BlackRD "51"]
[GameID "416549"]

1. d4 Nf6 2. c4 g6 3. Nc3 d5 4. cxd5 Nxd5 5. e4 Nxc3 6. bxc3 Bg7 7. Nf3 O-O 8. Be3 Bg4 9. Be2 Nd7 10. h3 Bxf3
11. Bxf3 c6 12. O-O e6 13. Qd2 e5 14. Rad1 Nb6 15. Bh6 Qh4 16. Bxg7 Kxg7 17. dxe5 Rad8 18. Qe2 Rfe8 19. Rxd8 Qxd8 20. Rd1 Qe7
21. g3 Qxe5 22. Qd3 Na4 23. Qd4 Nxc3 24. Qxe5+ Rxe5 25. Rd7 Nxe4 26. Bxe4 Rxe4 27. Rxb7 Ra4 28. Rb2 c5 29. Rc2 c4 30. Kf1 a5
31. Ke2 f5 32. Ke3 Ra3+ 33. Kd4 Ra4 34. Kc5 c3 35. Kb5 Ra3 36. Kc4 Kf6 37. Kb5 Ke5 38. Kc4 Ke4 39. f4 Kf3 40. Rxc3+ Rxc3+
41. Kxc3 Kxg3 42. a4 Kxf4 43. Kc4 Ke5
0-1

[Event "Blitz - Gruenfeld defence for 5 players under 2000"]
[Site "SchemingMind.com"]
[Date "2017.07.19"]
[Round "-"]
[White "Scooter"]
[Black "Phillip Beckett"]
[Result "1/2-1/2"]
[WhiteCountry "USA"]
[BlackCountry "ENG"]
[WhiteElo "1732"]
[WhiteRD "51"]
[BlackElo "1587"]
[BlackRD "59"]
[GameID "416550"]

1. d4 Nf6 2. c4 g6 3. Nc3 d5 4. e3 Bg7 5. Nf3 O-O 6. cxd5 Nxd5 7. Nxd5 Qxd5 8. Be2 c5 9. O-O cxd4 10. Nxd4 Nc6
11. Nxc6 Qxc6 12. Rb1 Bf5 13. Bd3 Bxd3 14. Qxd3 Rfd8 15. Qe2 Rac8 16. Rd1 Rxd1+ 17. Qxd1 Qc2 18. Qxc2 Rxc2 19. a3 a6 20. b4 Bc3
21. g3 Bd2 22. Bxd2 Rxd2 23. Rb3 Rd7= 24. Rc3 Kf8 25. e4 Ke8 26. f4 Kd8 27. Rc2 Rc7 28. Rd2+ Rd7 29. Rxd7+ Kxd7 30. Kf2 Kc6
31. a4 b5 32. a5 Kd6 33. Ke3 e5 34. g4 f6 35. g5 fxg5 36. fxg5 Ke6 37. Kf3 Kf7 38. Kg4 Kg7 39. h4 Kf7 40. h5 Ke6
41. hxg6=
1/2-1/2

[Event "Blitz - Gruenfeld defence for 5 players under 2000"]
[Site "SchemingMind.com"]
[Date "2017.07.19"]
[Round "-"]
[White "Scooter"]
[Black "Chessibelle"]
[Result "1-0"]
[WhiteCountry "USA"]
[BlackCountry "ENG"]
[WhiteElo "1732"]
[WhiteRD "51"]
[BlackElo "1181"]
[BlackRD "66"]
[GameID "416551"]

1. d4 Nf6 2. c4 g6 3. Nc3 d5 4. e3 e6 5. c5 Bd7 6. Nf3 Nc6 7. Bb5 a6 8. Bxc6 Bxc6 9. O-O Be7 10. Ne5 Bd7
11. b4 O-O 12. a4 b6 13. Bb2 c6 14. Qe2 Ne4 15. Nxe4 dxe4 16. Qg4 f5 17. Qh3 h5 18. Nxg6 Rf7 19. Qxh5 Rh7 20. Qe2 Bg5
21. Ne5 Kf8 22. cxb6 Bc8 23. a5 Qf6 24. d5 cxd5 25. Nd7+ Bxd7 26. Bxf6 Bxf6 27. Rac1 Be8 28. Rc7 Rh6 29. Ra7 Bb5 30. Rxa8+ Kg7
31. Qxb5 axb5 32. b7 Be5 33. b8=Q
1-0

[Event "Blitz - Gruenfeld defence for 5 players under 2000"]
[Site "SchemingMind.com"]
[Date "2017.07.19"]
[Round "-"]
[White "Chessibelle"]
[Black "Scooter"]
[Result "0-1"]
[WhiteCountry "ENG"]
[BlackCountry "USA"]
[WhiteElo "1181"]
[WhiteRD "66"]
[BlackElo "1732"]
[BlackRD "51"]
[GameID "416552"]

1. d4 Nf6 2. c4 g6 3. Nc3 d5 4. e3 e6 5. Bd2 c6 6. Nf3 Bg7 7. Bd3 O-O 8. O-O Nbd7 9. e4 dxe4 10. Nxe4 Nxe4
11. Bg5 Nxg5 12. b3 Nxf3+ 13. Qxf3 Bxd4 14. Rad1 Qc7 15. Bc2 Bg7 16. h3 b6 17. g4 Bb7 18. Qd3 Ne5 19. Qg3 c5 20. Qf4 Nf3+
21. Kh1 Qxf4 22. Bd3 Ng5+
0-1

[Event "Blitz - Gruenfeld defence for 5 players under 2000"]
[Site "SchemingMind.com"]
[Date "2017.07.19"]
[Round "-"]
[White "Scooter"]
[Black "Wojtek26"]
[Result "1-0"]
[WhiteCountry "USA"]
[BlackCountry "POL"]
[WhiteElo "1711"]
[WhiteRD "52"]
[BlackElo "1596"]
[BlackRD "45"]
[GameID "416553"]

1. d4 Nf6 2. c4 g6 3. Nc3 d5 4. cxd5 Nxd5 5. e3 Bg7 6. Bc4 e6 7. Nge2 O-O 8. O-O a6 9. Bxd5 exd5 10. a4 Bg4
11. b4 Nc6 12. Qb3 Qe7 13. Ba3 Rfe8 14. b5 Nxd4 15. Nxd4 Qg5 16. Qxd5 Re5 17. Qxb7 Rae8 18. f4 Qh5 19. fxe5 Bxe5 20. g3 Bxg3
21. hxg3 Rxe3 22. Qxc7 h6 23. Qxf7+
1-0

[Event "Blitz - Gruenfeld defence for 5 players under 2000"]
[Site "SchemingMind.com"]
[Date "2017.07.19"]
[Round "-"]
[White "Wojtek26"]
[Black "Scooter"]
[Result "0-1"]
[WhiteCountry "POL"]
[BlackCountry "USA"]
[WhiteElo "1596"]
[WhiteRD "45"]
[BlackElo "1711"]
[BlackRD "52"]
[GameID "416554"]

1. d4 Nf6 2. c4 g6 3. Nc3 d5 4. e3 Bg7 5. Nf3 Bg4 6. Be2 O-O 7. O-O c6 8. c5 Nbd7 9. Bd2 Re8 10. h3 Bxf3
11. Bxf3 e5 12. dxe5 Nxe5 13. Be1 Nxf3+ 14. Qxf3 Ne4 15. Nxe4 dxe4 16. Qg4 Qd5 17. b4 Bxa1 18. f4 f5 19. Qg5 Qxa2 20. h4 Qe2
21. Bf2 Rad8 22. Rxa1 Rd1+ 23. Rxd1 Qxd1+ 24. Kh2 Qe2 25. Kg3 Kg7 26. h5 Qxh5 27. Qxh5 gxh5 28. Kh4 Kg6 29. Be1 Rd8 30. Bc3 Rd3
31. Bd4 Rb3
0-1